UBT Library

Regional block; a handbook for use in the clinical practice of medicine and surgery. (Record no. 41240)

000 -LEADER
fixed length control field 00633cam a22002411 4500
001 - CONTROL NUMBER
control field 7913062
005 - DATE AND TIME OF LATEST TRANSACTION
control field 20180130035941.0
008 - FIXED-LENGTH DATA ELEMENTS--GENERAL INFORMATION
fixed length control field 810920s1953 xx a 000 0 eng
010 ## - LIBRARY OF CONGRESS CONTROL NUMBER
LC control number 53008661
035 ## - SYSTEM CONTROL NUMBER
System control number (OCoLC)14670962
040 ## - CATALOGING SOURCE
Original cataloging agency DLC
Transcribing agency DNLM
Modifying agency OClW-H
-- DLC
041 ## - LANGUAGE CODE
Language code of text/sound track or separate title eng
042 ## - AUTHENTICATION CODE
Authentication code premarc
060 0# - NATIONAL LIBRARY OF MEDICINE CALL NUMBER
Classification number WO 300
Item number M821r 1953
080 ## - UNIVERSAL DECIMAL CLASSIFICATION NUMBER
Universal Decimal Classification number 615.781
082 ## - DEWEY DECIMAL CLASSIFICATION NUMBER
Classification number *617.96
082 ## - DEWEY DECIMAL CLASSIFICATION NUMBER
Classification number 615.781 MOO
100 1# - Rafti
Rafti 6
101 ## - Shkurtesa
Shkurtesa ANE
245 10 - TITLE STATEMENT
Title Regional block; a handbook for use in the clinical practice of medicine and surgery.
906 ## - LOCAL DATA ELEMENT F, LDF (RLIN)
a 7
b cbc
c oclcrpl
d u
e ncip
f 19
g y-gencatlg
942 ## - ADDED ENTRY ELEMENTS (KOHA)
Source of classification or shelving scheme
Item type Books
Holdings
Withdrawn status Lost status Source of classification or shelving scheme Damaged status Not for loan Collection code Permanent location Current location Shelving location Date acquired Total Checkouts Full call number Barcode Date last seen Price effective from Koha item type
          Koleksioni i përgjithshem UBT - Lipjan UBT - Lipjan Koleksioni i përgjithshem 01/30/2018   *617.96 002-2996728 01/30/2018 01/30/2018 Books
UBT Library © 2015-2024. All rights reserved University Education for Business and Technology